| 000 | 00640nam a2200217Ia 4500 | ||
|---|---|---|---|
| 003 | IN-BaIIA | ||
| 008 | 211028s9999 xx 000 0 eng d | ||
| 020 | _a90-277-2190-4 | ||
| 040 | _cIIA Library | ||
| 080 |
_a082.2:52 _bIAU-S114 |
||
| 100 |
_aKovalevsky, J _914758 |
||
| 245 | 0 |
_aRelativity celestial mechanics and astronomy _cJ. Kovalevsky and W. Sessin |
|
| 260 |
_aDordrecht _bD. Reidel Publishing _c1986 |
||
| 300 | _axviii, 426p. | ||
| 650 | _aAstrometry | ||
| 650 | _aAstronomy and Astrophysics thesaurus | ||
| 650 | _aCelestial mechanics | ||
| 650 |
_aGeneral relativity _93824 |
||
| 700 |
_aSessin, W. _914759 |
||
| 942 | _cBK | ||
| 999 |
_c8778 _d8778 |
||